Just Enough C/C ++ Programming / (Record no. 16124)
[ view plain ]
| 000 -LEADER | |
|---|---|
| fixed length control field | 02297cam a22003977a 4500 |
| 001 - CONTROL NUMBER | |
| control field | 15139557 |
| 005 - DATE AND TIME OF LATEST TRANSACTION | |
| control field | 20101223083458.0 |
| 008 - FIXED-LENGTH DATA ELEMENTS--GENERAL INFORMATION | |
| fixed length control field | 080111s2008 maua e 001 1 eng d |
| 010 ## - LIBRARY OF CONGRESS CONTROL NUMBER | |
| LC control number | 2007906522 |
| 020 ## - INTERNATIONAL STANDARD BOOK NUMBER | |
| International Standard Book Number | 1598634682 |
| 020 ## - INTERNATIONAL STANDARD BOOK NUMBER | |
| International Standard Book Number | 9781598634686 |
| 035 ## - SYSTEM CONTROL NUMBER | |
| System control number | (OCoLC)ocn172984813 |
| 040 ## - CATALOGING SOURCE | |
| Original cataloging agency | BTCTA |
| Transcribing agency | BTCTA |
| Modifying agency | BAKER |
| -- | SAC |
| -- | DLC |
| 042 ## - AUTHENTICATION CODE | |
| Authentication code | lccopycat |
| 050 00 - LIBRARY OF CONGRESS CALL NUMBER | |
| Classification number | QA76.73.C15 |
| Item number | L425 2008 |
| 082 00 - DEWEY DECIMAL CLASSIFICATION NUMBER | |
| Classification number | 005.133 |
| Edition number | 22 |
| Item number | LEC |
| 100 1# - MAIN ENTRY--PERSONAL NAME | |
| Personal name | Lecky-Thompson, Guy W. |
| 9 (RLIN) | 27464 |
| 245 10 - TITLE STATEMENT | |
| Title | Just Enough C/C ++ Programming / |
| Statement of responsibility, etc | Guy W. Lecky-Thompson. |
| 246 30 - VARYING FORM OF TITLE | |
| Title proper/short title | C/C++ programming |
| 260 ## - PUBLICATION, DISTRIBUTION, ETC. (IMPRINT) | |
| Place of publication, distribution, etc | Boston, MA : |
| Name of publisher, distributor, etc | Thomson Course Technology PTR, 2008 |
| Date of publication, distribution, etc | c2008. |
| 300 ## - PHYSICAL DESCRIPTION | |
| Extent | xv, 378 p. : |
| Other physical details | ill., ; |
| Dimensions | 24 cm. |
| 500 ## - GENERAL NOTE | |
| General note | Includes index. |
| 505 0# - FORMATTED CONTENTS NOTE | |
| Formatted contents note | Getting started -- Programming recap -- C program structures -- Data types and variables -- Console I/O -- Decision making -- Loops -- Standard libraries -- Command-line processing -- User-defined functions -- File I/O -- Complex data types -- Pointers -- Pre-processor directives -- Program design in C and C++ -- C++ in practice -- C++ standard libraries -- Templates and the STL -- Where next? -- Web references. |
| 650 #0 - SUBJECT ADDED ENTRY--TOPICAL TERM | |
| Topical term or geographic name as entry element | C (Computer program language) |
| 9 (RLIN) | 27465 |
| 650 #0 - SUBJECT ADDED ENTRY--TOPICAL TERM | |
| Topical term or geographic name as entry element | C++ (Computer program language) |
| 9 (RLIN) | 27466 |
| 653 ## - INDEX TERM--UNCONTROLLED | |
| Resource For college | |
| Arrived date list | October2011 |
| 856 42 - ELECTRONIC LOCATION AND ACCESS | |
| Materials specified | Contributor biographical information |
| Uniform Resource Identifier | <a href="http://www.loc.gov/catdir/enhancements/fy1104/2007906522-b.html">http://www.loc.gov/catdir/enhancements/fy1104/2007906522-b.html</a> |
| 856 42 - ELECTRONIC LOCATION AND ACCESS | |
| Materials specified | Publisher description |
| Uniform Resource Identifier | <a href="http://www.loc.gov/catdir/enhancements/fy1104/2007906522-d.html">http://www.loc.gov/catdir/enhancements/fy1104/2007906522-d.html</a> |
| 856 41 - ELECTRONIC LOCATION AND ACCESS | |
| Materials specified | Table of contents only |
| Uniform Resource Identifier | <a href="http://www.loc.gov/catdir/enhancements/fy1104/2007906522-t.html">http://www.loc.gov/catdir/enhancements/fy1104/2007906522-t.html</a> |
| 942 ## - ADDED ENTRY ELEMENTS (KOHA) | |
| Source of classification or shelving scheme | Dewey Decimal Classification |
| Item type | NB - Book (Non borrowing) |
| Withdrawn status | Item status | Source of classification or shelving scheme | Damaged status | Not for loan | Vendor | Home library | Current library | Shelving location | Date acquired | Source of acquisition | Total Checkouts | Full call number | Barcode | Date last seen | Date last borrowed | Koha item type | Total Renewals | Checked out |
|---|---|---|---|---|---|---|---|---|---|---|---|---|---|---|---|---|---|---|
| Dewey Decimal Classification | Baccah | Central Library | Central Library | Lower Floor | 10/10/2011 | 1 | 005.133 LEC | 000025296 | 15/07/2025 | 27/11/2013 | NB - Book (Non borrowing) | |||||||
| Dewey Decimal Classification | Baccah | Central Library | Central Library | Lower Floor | 10/10/2011 | 3 | 005.133 LEC | 000025297 | 27/02/2022 | 27/02/2022 | Book - Borrowing | 6 | 06/03/2022 | |||||
| Dewey Decimal Classification | Baccah | Central Library | Central Library | Lower Floor | 10/10/2011 | 6 | 005.133 LEC | 000025298 | 15/07/2025 | 20/12/2021 | Book - Borrowing | 51 | ||||||
| Dewey Decimal Classification | Baccah | Central Library | Central Library | Lower Floor | 10/10/2011 | 6 | 005.133 LEC | 000025299 | 15/07/2025 | 18/03/2019 | Book - Borrowing | 34 |